000 00352nam a2200145Ia 4500
005 20251222175940.0
008 251222s9999||||xx |||||||||||||| ||spa||
020 _a978-9972-04-464-9
082 _a340.041/V94
100 _aVon Oertzen de Araujo, Clarice
245 0 _aSemiótica del Derecho
250 _a8a.ed.
264 _bGrijley
942 _cLIB
999 _c41331
_d41331